100 cities 5000 ideas : (Record no. 24063)
[ view plain ]
| 000 -LEADER | |
|---|---|
| fixed length control field | 00683nam a22001817a 4500 |
| 005 - DATE AND TIME OF LATEST TRANSACTION | |
| control field | 20251030093727.0 |
| 008 - FIXED-LENGTH DATA ELEMENTS--GENERAL INFORMATION | |
| fixed length control field | 251016b |||||||| |||| 00| 0 eng d |
| 020 ## - INTERNATIONAL STANDARD BOOK NUMBER | |
| International Standard Book Number | 9781426221675 |
| 082 ## - DEWEY DECIMAL CLASSIFICATION NUMBER | |
| Classification number | DC 363.680973 Y75 2022 |
| 100 ## - MAIN ENTRY--PERSONAL NAME | |
| Personal name | Yogerst, Joe. |
| 9 (RLIN) | 68865 |
| 245 ## - TITLE STATEMENT | |
| Title | 100 cities 5000 ideas : |
| Remainder of title | where to go, when to go, what to see, what to do / |
| Statement of responsibility, etc. | Joe Yogerst. |
| 260 ## - PUBLICATION, DISTRIBUTION, ETC. (IMPRINT) | |
| Place of publication, distribution, etc. | Washington, DC : |
| Name of publisher, distributor, etc. | Nationa Geographic, |
| Date of publication, distribution, etc. | ©2022. |
| 300 ## - PHYSICAL DESCRIPTION | |
| Extent | 399 pages : |
| Other physical details | color illustrations ; |
| Dimensions | 22 cm. |
| 500 ## - GENERAL NOTE | |
| General note | Includes index. |
| 650 #0 - SUBJECT ADDED ENTRY--TOPICAL TERM | |
| Topical term or geographic name as entry element | National parks and reserves |
| Geographic subdivision | United States |
| General subdivision | Guidebooks. |
| 9 (RLIN) | 69053 |
| 650 #0 - SUBJECT ADDED ENTRY--TOPICAL TERM | |
| Topical term or geographic name as entry element | National parks and reserves |
| Geographic subdivision | Canada |
| General subdivision | Guidebooks. |
| 9 (RLIN) | 69054 |
| 942 ## - ADDED ENTRY ELEMENTS (KOHA) | |
| Source of classification or shelving scheme | Dewey Decimal Classification |
| Koha item type | Circulation |
| Withdrawn status | Lost status | Source of classification or shelving scheme | Damaged status | Not for loan | Collection code | Home library | Current library | Date acquired | Source of acquisition | Cost, normal purchase price | Total Checkouts | Full call number | Barcode | Date last seen | Price effective from | Koha item type |
|---|---|---|---|---|---|---|---|---|---|---|---|---|---|---|---|---|
| Dewey Decimal Classification | Circulation | UM Digos College - LIC | UM Digos College - LIC | 08/11/2025 | Purchased | 3995.00 | DC 363.680973 Y75 2022 | 29067 | 10/16/2025 | 10/16/2025 | Circulation |
